000 00531nam a2200205Ia 4500
003 GCL
008 140319s9999 xx 000 0 eng d
040 _aGCL /
_cGCL
082 0 4 _a616.39
_bM N
100 1 _aMASON, JOHN B
245 1 0 _aNUTRITIONAL SURVEILLANCE /
_cMASON, JOHN B
700 1 _aHABICHT, JEAN PIERRE
700 1 _aTABATABAI, H
700 1 _aVALVERDE, V
260 _a[S.N] :
_bWORLD HEALTH ORGANIZATION ،
_c1984
300 _a194 P
650 0 4 _aNUTRITION
650 0 4 _aNUTRITION SURVEYS
942 _2ddc
_cBK
999 _c14934
_d14934